00398nam a2200121Ia 4500003000400000005001700004008004100021040001800062041000800080100005700088245009600145260003500241OSt20260119143949.0211028s2013 xx 000 0 und d cAIMIT LIBRARY aeng aFernandes, Savio John Dominic;Dhananjaya, Kg1116141 aPositive cash disposal of waste: a case study with reference to suzlone energy blades ltd / aMangalorebDhananjaya Kc2013